Tableau des éléments de A à Z - Statistiques

Statistiques générales
  • Ce quiz a été pris 127 fois
  • Le résultat moyen est 16 sur 26
Statistiques - réponses
Lettre Symbole Moyen de transport % Correct
F Fe Fer
95%
A Al Aluminium
94%
C Ca Calcium
85%
H He Hélium
85%
L Li Lithium
84%
O Au Or
83%
Z Zn Zinc
83%
R Ra Radium
81%
S Na Sodium
81%
X Xe Xénon
81%
U U Uranium
80%
G Ga Gallium
69%
T Ti Titane
67%
N Ne Néon
66%
K Kr Krypton
65%
I Ir Iridium
60%
B Ba Baryum
57%
E Sn Etain
57%
P Po Polonium
56%
M Hg Mercure
55%
V V Vanadium
33%
Y Y Yttrium
28%
J -- {}Aucun élément
16%
Q -- {}Aucun élément
16%
W -- {}Aucun élément
16%
D Db Dubnium
16%
Aucun quiz correspondant
Distribution des résultats
% des personnes avec chaque résultat
Percentile par nombre de réponses
Votre historique - résultats
Vous n’avez pas pris ce quiz